| 000 | 01137cam a2200289 a 4500 | ||
|---|---|---|---|
| 001 | 15857101 | ||
| 005 | 20090831113610.0 | ||
| 008 | 090806r20092008nyu 000 1 eng | ||
| 010 | _a 2009464561 | ||
| 020 | _a0307276767 (pbk.) | ||
| 020 | _a9780307276766 (pbk.) | ||
| 040 |
_aDLC _cDLC |
||
| 050 | 0 | 0 |
_aPS3563.O8749 _bM47 2009 |
| 082 | 0 | 0 |
_a813.54 _222 _bMOR |
| 100 | 1 |
_aMorrison, Toni. _921395 |
|
| 245 | 1 | 2 |
_aA Mercy / _cToni Morrison. |
| 250 | _a1st Vintage International ed. | ||
| 260 |
_aNew York : _bVintage International, 2008 _c2008 |
||
| 300 |
_a195 p. ; _c21 cm. |
||
| 586 | _aA New York Times Book Review, Best Book of the Year | ||
| 650 | 0 |
_aAfrican American girls _vFiction. _921396 |
|
| 650 | 0 |
_aInterracial adoption _vFiction. _921397 |
|
| 650 | 0 |
_aRacism _vFiction. _921398 |
|
| 942 |
_2ddc _cBB |
||
| 999 |
_c14861 _d14861 |
||